000 00567nam a22001697a 4500
999 _c181758
_d181758
005 20211006120912.0
010 _aEN230921
020 _a9788126929030
_c495.00
037 _bAtlantic Publishers & Distributors
100 _aMalik,R.S.
245 _aEnglish for UGC-NET/JRF/SLET (paper II and III) and other competitive examinations /
_cby R.S. Malik
250 _a5th edition
260 _aNew Delhi
_bAtlantic Publishers & Distributors
_c2021
270 _a7/22,Ansari Road,Daryaganj,
_bNew Delhi
_e110002
300 _axv,647p.
_c24cm(pbk)
942 _2ddc
_cEN
_mMAL